| 000 | 00491nam a2200193Ia 4500 | ||
|---|---|---|---|
| 005 | 20250423094319.0 | ||
| 008 | 250422s9999 xx 000 0 und d | ||
| 020 | _a9789381159385 | ||
| 050 | _aHF 5635 .P35/ | ||
| 100 | _aPalanivelu, V. R. | ||
| 245 | 0 | _aAccounting for Management | |
| 250 | _a3rd ed. | ||
| 260 | _aIndia | ||
| 260 | _bUniversity Science Press | ||
| 260 | _c2018 | ||
| 300 | _a638 p | ||
| 650 | _a Managerial accounting. Credit unions--Accounting. | ||
| 942 | _cBK | ||
| 999 |
_c26882 _d26882 |
||